<?xml version="1.0" encoding="UTF-8"?>
<record
    xmlns:xsi="http://www.w3.org/2001/XMLSchema-instance"
    xsi:schemaLocation="http://www.loc.gov/MARC21/slim http://www.loc.gov/standards/marcxml/schema/MARC21slim.xsd"
    xmlns="http://www.loc.gov/MARC21/slim">

  <leader>00919nam a22002417a 4500</leader>
  <controlfield tag="005">20240530110501.0</controlfield>
  <controlfield tag="008">150706s2010    ua co  f      000 0 ara d</controlfield>
  <datafield tag="017" ind1=" " ind2=" ">
    <subfield code="a">2010/11919 &#x61B; &#x62C;1</subfield>
    <subfield code="a">2011/20553 &#x61B; &#x62C;2</subfield>
    <subfield code="b">&#x645;&#x635;&#x631; . &#x62F;&#x627;&#x631; &#x627;&#x644;&#x643;&#x62A;&#x628; &#x627;&#x644;&#x645;&#x635;&#x631;&#x64A;&#x629;</subfield>
  </datafield>
  <datafield tag="020" ind1=" " ind2=" ">
    <subfield code="a">9772013037</subfield>
  </datafield>
  <datafield tag="020" ind1=" " ind2=" ">
    <subfield code="a">9789777048736</subfield>
  </datafield>
  <datafield tag="040" ind1=" " ind2=" ">
    <subfield code="a">EG-CaGPL</subfield>
  </datafield>
  <datafield tag="082" ind1="0" ind2="4">
    <subfield code="2">21</subfield>
    <subfield code="a">791.4375\</subfield>
    <subfield code="b">&#x645; &#x623;</subfield>
  </datafield>
  <datafield tag="100" ind1="0" ind2=" ">
    <subfield code="a">&#x645;&#x62D;&#x645;&#x648;&#x62F; &#x642;&#x627;&#x633;&#x645;</subfield>
  </datafield>
  <datafield tag="245" ind1="1" ind2="0">
    <subfield code="a">&#x627;&#x641;&#x644;&#x627;&#x645; &#x648; &#x627;&#x642;&#x644;&#x627;&#x645; /</subfield>
    <subfield code="c">&#x643;&#x62A;&#x628;&#x647; &#x645;&#x62D;&#x645;&#x648;&#x62F; &#x642;&#x627;&#x633;&#x645; &#x61B; &#x642;&#x631;&#x623;&#x629; &#x645;&#x62D;&#x645;&#x62F; &#x643;&#x627;&#x645;&#x644; &#x627;&#x644;&#x642;&#x644;&#x64A;&#x648;&#x628;&#x649; </subfield>
  </datafield>
  <datafield tag="260" ind1=" " ind2=" ">
    <subfield code="a">&#x627;&#x644;&#x642;&#x627;&#x647;&#x631;&#x629; :</subfield>
    <subfield code="b">&#x642;&#x637;&#x627;&#x639; &#x627;&#x644;&#x639;&#x644;&#x627;&#x642;&#x627;&#x62A; &#x627;&#x644;&#x62B;&#x642;&#x627;&#x641;&#x64A;&#x629; &#x627;&#x644;&#x62E;&#x627;&#x631;&#x62C;&#x64A;&#x629; &#x60C;</subfield>
    <subfield code="c">2010 .</subfield>
  </datafield>
  <datafield tag="300" ind1=" " ind2=" ">
    <subfield code="a">2 &#x62C;&#x632;&#x621; &#x61B;</subfield>
    <subfield code="c">22 &#x633;&#x645;</subfield>
  </datafield>
  <datafield tag="650" ind1="0" ind2="4">
    <subfield code="a">&#x627;&#x644;&#x627;&#x641;&#x644;&#x627;&#x645; &#x627;&#x644;&#x633;&#x64A;&#x646;&#x645;&#x627;&#x626;&#x64A;&#x629;</subfield>
  </datafield>
  <datafield tag="650" ind1="0" ind2="4">
    <subfield code="a">&#x627;&#x644;&#x633;&#x64A;&#x646;&#x645;&#x627; &#x627;&#x644;&#x645;&#x635;&#x631;&#x64A;&#x629;</subfield>
  </datafield>
  <datafield tag="650" ind1="0" ind2="4">
    <subfield code="a">&#x627;&#x644;&#x633;&#x64A;&#x646;&#x645;&#x627;</subfield>
    <subfield code="z">&#x645;&#x635;&#x631;</subfield>
  </datafield>
  <datafield tag="700" ind1="0" ind2=" ">
    <subfield code="a">&#x643;&#x627;&#x645;&#x644; &#x627;&#x644;&#x642;&#x644;&#x64A;&#x648;&#x628;&#x649; </subfield>
    <subfield code="e">&#x642;&#x631;&#x623;&#x629;</subfield>
  </datafield>
  <datafield tag="942" ind1=" " ind2=" ">
    <subfield code="2">ddc</subfield>
    <subfield code="c">BK</subfield>
  </datafield>
  <datafield tag="999" ind1=" " ind2=" ">
    <subfield code="c">61479</subfield>
    <subfield code="d">61479</subfield>
  </datafield>
  <datafield tag="952" ind1=" " ind2=" ">
    <subfield code="0">0</subfield>
    <subfield code="1">0</subfield>
    <subfield code="4">0</subfield>
    <subfield code="7">0</subfield>
    <subfield code="a">CAI</subfield>
    <subfield code="b">CAI</subfield>
    <subfield code="d">2015-07-06</subfield>
    <subfield code="l">0</subfield>
    <subfield code="o">791.4375\ &#x645; &#x623;</subfield>
    <subfield code="p">160779</subfield>
    <subfield code="r">2015-07-06 00:00:00</subfield>
    <subfield code="w">2015-07-06</subfield>
    <subfield code="y">BK</subfield>
  </datafield>
</record>
